Devinez le Pokémon #4 - Statistiques

Statistiques générales
  • Ce quiz a été pris 102 fois
  • Le résultat moyen est 13 sur 20
Statistiques - réponses
Par images Réponse % Correct
Celebi
98%
Ronflex
96%
Pichu
93%
Grodrive
84%
Créfollet
76%
Maganon
72%
Rémoraid
72%
Ptiravi
70%
Sucreine
67%
Oratoria
62%
Brutapode
56%
Maracachi
56%
Tarenbulle
55%
Tutankafer
55%
Spododo
54%
Scolocendre
44%
Bleuseille
43%
Glaivodo
37%
Monthracite
31%
Fulgulairo
29%
Aucun quiz correspondant
Distribution des résultats
% des personnes avec chaque résultat
Percentile par nombre de réponses
Votre historique - résultats
Vous n’avez pas pris ce quiz